| 000 | 00562nam a2200205Ia 4500 | ||
|---|---|---|---|
| 005 | 20260429112158.0 | ||
| 008 | 260429s9999||||xx |||||||||||||| ||und|| | ||
| 020 | _a9781804558898 | ||
| 041 | _aEnglish | ||
| 082 |
_a910.688 _bCAM |
||
| 100 | _aCamilleri, Mark Anthony | ||
| 245 | 0 |
_aTourism planning and destination marketing / _cMark Anthony Camilleri |
|
| 250 | _a2nd ed. | ||
| 260 |
_aUnited Kingdom : _bEmerald Publishing, _c2024. |
||
| 300 | _axxiii, 318 p.; hb | ||
| 650 | _a Marketing | ||
| 650 | _a Planning | ||
| 650 | _aTourism | ||
| 942 | _cTB | ||
| 999 |
_c52753 _d52753 |
||